Concrete technology (Record no. 4023)

000 -LEADER
fixed length control field 00455nam a22001817a 4500
001 - CONTROL NUMBER
control field 4023
003 - CONTROL NUMBER IDENTIFIER
control field BD-DhUET
008 - FIXED-LENGTH DATA ELEMENTS--GENERAL INFORMATION
fixed length control field 141111b xxu||||| |||| 00| 0 eng d
040 ## - CATALOGING SOURCE
Transcribing agency 0
Modifying agency BD-DhUET
082 ## - DEWEY DECIMAL CLASSIFICATION NUMBER
Classification number 620.136
Item number SHE/1982
100 ## - MAIN ENTRY--PERSONAL NAME
Personal name Shetty, M. S.
245 ## - TITLE STATEMENT
Title Concrete technology
Remainder of title theory and practice
250 ## - EDITION STATEMENT
Edition statement 1st ed.
260 ## - PUBLICATION, DISTRIBUTION, ETC. (IMPRINT)
Place of publication, distribution, etc. New Delhi
Name of publisher, distributor, etc. S. Chand
Date of publication, distribution, etc. 1982
300 ## - PHYSICAL DESCRIPTION
Extent xiv, 592p.
Other physical details ill.
650 #0 - SUBJECT ADDED ENTRY--TOPICAL TERM
Topical term or geographic name as entry element Concrete - Engineering
942 ## - ADDED ENTRY ELEMENTS (KOHA)
Koha item type General Book
Holdings
Koha issues (times borrowed) Shelving location Koha collection Koha item type Piece designation (barcode) Damaged status Not for loan Copy number Source of classification or shelving scheme Lost status Date acquired Koha date last borrowed Koha full call number Koha date last seen Price effective from Koha normalized classification for sorting Sublocation or collection (holding branch) Withdrawn status Location (home branch)
1Circulation section General Book58310  2  2014-11-112014-11-11620.136/SHE/19822014-12-232014-11-11620_000000000000000_136SHE1982Central Library, BUET Central Library, BUET
1Circulation section General Book56438  1  2014-11-162014-11-16620.136/SHE/19822017-06-052014-11-16620_000000000000000_136SHE1982Central Library, BUET Central Library, BUET
1Circulation section General Book58315  3  2014-11-182014-11-18620.136/SHE/19822016-09-032014-11-18620_136000000000000_SHE_1982Central Library, BUET Central Library, BUET
2Circulation section General Book58312  4  2014-11-262016-03-05620.136/SHE/19822016-08-212014-11-26620_000000000000000_136SHE1982Central Library, BUET Central Library, BUET
 Circulation sectionNon FictionGeneral Book58311  5  2015-02-05 620.136/SHE/19822015-02-052015-02-05620_136000000000000_SHE_1982Central Library, BUET Central Library, BUET
 Reading section Reading Item58308  6  2015-06-14 620.136/SHE/19822015-06-142015-06-14620_136000000000000_SHE_1982Central Library, BUET Central Library, BUET
 Reading section Reading Item58309  7  2015-06-15 620.136/SHE/19822015-06-152015-06-15620_136000000000000_SHE_1982Central Library, BUET Central Library, BUET
 Reading section Reading Item58313  8  2015-06-16 620.136/SHE/19822015-06-162015-06-16620_136000000000000_SHE_1982Central Library, BUET Central Library, BUET
 Reading section Reading Item58314  9  2015-06-16 620.136/SHE/19822015-06-162015-06-16620_136000000000000_SHE_1982Central Library, BUET Central Library, BUET
 Reading section Reading Item58316  10  2015-06-20 620.136/SHE/19822015-06-202015-06-20620_136000000000000_SHE_1982Central Library, BUET Central Library, BUET
 Reading section Reading Item55327  11  2015-06-23 620.136/SHE/19822015-06-232015-06-23620_136000000000000_SHE_1982Central Library, BUET Central Library, BUET